| 000 | 00397nam a22001337a 4500 | ||
|---|---|---|---|
| 020 | _aNA | ||
| 082 |
_222 _a808.042 |
||
| 100 | _aKeene, Michacl L and adams Katherine H, | ||
| 245 | _aEasy access the reference handbook for writers / | ||
| 250 | _a3rd | ||
| 260 |
_aMc Graw hill Higher education, _bMc Graw hill Higher education, _cc2002 |
||
| 300 |
_axxi,506 p, ; _bNA _c24cm. |
||
| 942 |
_2ddc _cENG _01 |
||
| 999 |
_c3547 _d3547 |
||